000 00368nam a22001457a 4500
008 221029b |||||||| |||| 00| 0 eng d
020 _a978-93-50330-68-5
082 _a839.8 IBS
100 _aIbsen, Henrik
245 _aA Doll's House
260 _aU. P, India
_bMarples Press Private Limited
_c2011
300 _a104p :
_c21.5 CM
650 _aCE book
942 _2ddc
999 _c9183
_d9184